| 000 | 00902nam a22002537a 4500 | ||
|---|---|---|---|
| 005 | 20240219142929.0 | ||
| 008 | 240219b2010 ii ||||| |||| 00| j tam d | ||
| 020 | _c80.00 | ||
| 040 |
_aNLI _btam _cTamil Division |
||
| 041 | 0 | _atam | |
| 044 | _aii | ||
| 082 | 0 | 4 |
_223rd ed. _aTa 894.8113 _bSe 482 ma |
| 100 | 1 |
_6880-01 _aசெந்தில்குமார், S _91492185 |
|
| 245 | 1 | 0 |
_6880-02 _aமஞ்சள் நிற பைத்தியங்கள் _cS, செந்தில்குமார் |
| 260 |
_aசென்னை: _bசோழன் படைப்பகம், _c2010. |
||
| 300 |
_a136p.; _c21.7 cm. |
||
| 650 | 0 |
_aTamil short stories. _9813122 |
|
| 700 | 1 | _6880-03 | |
| 852 | _aBB | ||
| 880 | 1 |
_6100-01 _aSenthilkumar, S |
|
| 880 | 1 |
_6245-02 _aMañcaḷ nira paittiyaṅkaḷ _cS, Senthilkumar |
|
| 887 | _aK.Parthasarathivamanan/Interns | ||
| 942 |
_2ddc _cBKS |
||
| 999 |
_c1594792 _d1594791 |
||